| 000 | 00393nam a22001697a 4500 | ||
|---|---|---|---|
| 005 | 20180425105904.0 | ||
| 008 | 160624b xxu||||| |||| 00| 0 eng d | ||
| 020 | _a81-7446-340-2 | ||
| 041 | _aeng | ||
| 082 |
_b9498 _a363.7 |
||
| 100 |
_aUberoi, N.K. _94280 |
||
| 245 | _aEnvironmental Management | ||
| 260 |
_bExcel book _c2009 |
||
| 300 | _a397 | ||
| 650 |
_aManagement _9241 |
||
| 942 | _cBK | ||
| 999 |
_c3765 _d3764 |
||